000 00273nam a2200109Ia 4500
005 20251222152704.0
008 251222s9999||||xx |||||||||||||| ||spa||
082 _a868.32/C48N/1992
100 _a"Cervantes Saavedra, Miguel de"
245 0 _aNovelas ejemplares
942 _cLIB
999 _c28935
_d28935